Macroeconomía

Saved in:
Bibliografiske detaljer
Hovedforfatter: Mankiw, N. Gregory (autor)
Format: Bog
Sprog:spansk
Udgivet: Barcelona Antoni Bosch 1999
Udgivelse:3a. ed
Fag:
Tags: Tilføj Tag
Ingen Tags, Vær først til at tagge denne postø!

MARC

LEADER 00000nam a2200000 a 4500
001 UCP5743
003 CL-VaPUC
008 990927e19990000SP |||||||||||||||||spa|d
082 0 4 |a 339  |b MAN  |2 21 
100 |a Mankiw, N. Gregory  |e autor  |9 861929 
245 1 0 |a Macroeconomía 
250 |a 3a. ed 
300 |a 655 p 
942 |c BK 
945 |d 19990927 00:00:00  |a vberengu 
260 |a Barcelona  |b Antoni Bosch  |c 1999 
650 0 |a Macroeconomía   |9 260301 
650 0 |a Crecimiento económico   |9 314037 
650 0 |a Inflación   |9 257218 
650 0 |a Dinero  |9 314331 
650 0 |a Inversiones  |9 345867 
583 |a last modification  |c 20160311 00:03:11  |k Rodrigo Vera 
999 |c 283412  |d 283410 
952 |0 0  |1 0  |4 0  |6 339_000000000000000_MAN_1999  |7 0  |8 A  |9 326565  |a BIBENE  |b BIBENE  |d 2019-11-20  |i 3563901  |o 339 MAN 1999  |p 3563901  |r 2025-01-15  |w 2019-11-20  |y BK  |k ICO 
952 |0 0  |1 0  |4 0  |6 339_000000000000000_MAN_1999  |7 0  |8 A  |9 326567  |a BIBENE  |b BIBENE  |d 2019-11-20  |i 3747727  |o 339 MAN 1999  |p 3747727  |r 2025-01-15  |w 2019-11-20  |y BK  |k ICO 
952 |0 0  |1 0  |4 0  |6 339_000000000000000_MAN_1999  |7 0  |8 A  |9 326568  |a BIBENE  |b BIBENE  |d 2019-11-20  |i 3923436  |o 339 MAN 1999  |p 3923436  |r 2025-01-15  |w 2019-11-20  |y BK  |k ICO